000 00667nam a2200217Ii 4500
003 JO-AjNU
008 230605s9999||||xx |||||||||||||| ||und||
017 _a2003/18613
020 _a977-01-8905-7
040 _aJO-AjNU
_bara
_erda
_cJO-AjNU
041 _aara
050 1 4 _aDT107.2.A2.K38 2003
100 3 _aكاظم، صافي ناز,
_eauthor
_99180
245 0 0 _aكتابة: رؤى وذات
264 3 1 _aالقاهرة: الهيئة المصرية العامة للكتاب، 2003
300 _a308ص
336 _atext
_btxt
_2rdacontent
337 _aunmediated
_bn
_2rdamedia
338 _avolume
_bnc
_2rdacarrier
650 4 _aتراجم-تاريخ
_99181
999 _aA1167
_c4735
_d4735